000 00523nam a2200145Ia 4500
008 090124s9999 xx 000 0 und d
082 _b20707
_a2364
245 _a यशवंतराव चव्हाण व्याख्यान माला
250 _a1
260 _c1974
300 _a41
630 _a यशवंतराव चव्हाण व्याख्यान माला
730 _a यशवंतराव चव्हाण व्याख्यान माला
942 _cBOOK
999 _c134510
_d134510